Statistics for Harry Potter Characters

Click here to take the quiz!

General Stats

  • This quiz has been taken 11 times
  • The average score is 30 of 125

Answer Stats

HintAnswer% Correct
....Harry Potter
100%
....Ron Weasley
75%
....Albus Dumbledore
63%
....Bellatrix Lestrange
63%
....Hermione Granger
63%
....James Potter
63%
....Lord Voldemort
63%
....Draco Malfoy
50%
....Fred Weasley
50%
....George Weasley
50%
....Ginny Weasley
50%
....Molly Weasley
50%
....Arthur Weasley
38%
....Aunt Petunia
38%
....Cedric DIggory
38%
....Cho Chang
38%
....Crabbe
38%
....Goyle
38%
....Lily Potter
38%
....Lucius Malfoy
38%
....Luna Lovegood
38%
....Mad Eye Moody
38%
....Minerva McGonagall
38%
....Neville Longbottom
38%
....Professor Sprout
38%
....Vernon Dursley
38%
....Viktor Krum
38%
....Amos Diggory
25%
....Angelina Johnson
25%
....Augustus Rookwood
25%
....Barty Crouch
25%
....Barty Crouch Jr
25%
....Bathilda Bagshot
25%
.....Bill Weasley
25%
....Blaize Zabini
25%
....Charlie Weasley
25%
....Cornelius Fudge
25%
....Crookshanks
25%
....Dean Thomas
25%
....Dobby
25%
....Dolores Umbridge
25%
....Dudley Dursley
25%
....Fenrir Greyback
25%
....Fleur Delacour
25%
....Grawp
25%
....Hedwig
25%
....Igor Karkaroff
25%
....Justin Finch Fletchley
25%
....Katie Bell
25%
....Kingsley Shacklebolt
25%
....Madame Pomfrey
25%
....Marvolo Gaunt
25%
....Moaning Myrtle
25%
....Narcissa Malfoy
25%
....Nearly Headless Nick
25%
....Nymphadora Tonks
25%
....Oliver Wood
25%
....Padma Patil
25%
....Parvati Patil
25%
....Percy Weasley
25%
....Peter Pettigrew
25%
....Professor Flitwick
25%
....Professor Lockhart
25%
....Professor Snape
25%
....Professor Trelawney
25%
....Remus Lupin
25%
....Rubeus Hagrid
25%
....Seamus Finnigan
25%
....Sirius Black
25%
....Ted Tonks
25%
....The Bloody Baron
25%
....Winky
25%
....Alecto Carrow
13%
....Amycus Carrow
13%
....Antonin Dolohov
13%
....Aragog
13%
....Argus Filch
13%
....Buckbeak
13%
....Colin Creevey
13%
....Corban Yaxley
13%
....Dennis Creevey
13%
....Emmeline Vance
13%
....Godric Gryffindor
13%
....Grindewald
13%
.....Hannah Abbott
13%
....Helga Hufflepuff
13%
....Lavender Brown
13%
....Lee Jordan
13%
....Ludo Bagman
13%
....Madame Hooch
13%
....Madame Maxine
13%
....Marge Dursley
13%
....Mrs Figg
13%
....Mundungus Fletcher
13%
....Nagini
13%
....Newt Scamander
13%
....Nicolas Flamel
13%
....Pansy Parkinson
13%
....Peeves
13%
....Penelope Clearwater
13%
....Pius Thicknesse
13%
....Professor Grubbly-Plank
13%
....Professor Quirell
13%
....Professor Sinistra
13%
....Professor Slughorn
13%
....Regulus Black
13%
....Rita Skeeter
13%
....Rowena Ravenclaw
13%
....Salazar Slytherin
13%
....Scabior
13%
....Stan Shunpike
13%
....Susan Bones
13%
....The Grey Lady
13%
....Thorfinn Rowle
13%
....Tom Riddle
13%
....Xenophilius Lovegood
13%
....Abeforth Dumbledore
0%
....Charity Burbage
0%
....Cuthbert Biggins
0%
....Fawkes
0%
....Frank Bryce
0%
....John Dawlish
0%
....Macnair
0%
....Phineas Nigellus Black
0%

Score Distribution

Percentile by Number Answered

Percent of People with Each Score

Your Score History

You have not taken this quiz